banner-ar

Le statut du musicien dans la Méditerranée ancienne : (Record no. 63046)

MARC details
000 -الفاتح
حقل البيانات ثابتة الطول 01344cam a2200241Ia 4500
005 - وقت وتاريخ اخر تعامل مع التسجيلة
رقم الضبط 20240530110621.0
008 - عناصر البيانات ثابتة الطول - معلومات عامة
حقل البيانات ثابتة الطول 130913s2013 fr a b 000 0 fre d
020 ## - الرقم الدولى المعيارى للكتب
الرقم الدولى المعيارى للكتاب 9782724706413
040 ## - مصدر الفهرسة
وكالة النسخ EG-CAGPL
082 04 - رقم تصنيف ديوى العشرى
رقم التصنيف 932
رقم الطبعة 21
رقم المادة CC/E S
245 03 - بيان العنوان
العنوان Le statut du musicien dans la Méditerranée ancienne :
بقية العنوان Egypte, Mésopotamie, Grèce, Rome : actes de la table ronde internationale tenue a Lyon Maison de l'Orient et de la Méditerranée (université Lumiére Lyon2) les 4 et 5 Juillet 2008, Lyon /
بيان المسئوليه,etc Sibylle Emerit ; Laure Pantalacci.
260 ## - PUBLICATION, DISTRIBUTION, ETC. (IMPRINT)
تاريخ النشر أو التوزيع 2013.
300 ## - الوصف المادى
التعداد 324 p. :
تفاصيل ماديه اخرى للوعاء col. ill. ;
أبعاد الوعاء 28 cm.
490 1# - بيان السلسلة
عنوان السلسلة Bibliothèque d'étude ;
رقم المجلد/ التعيين التسلسلي 159
504 ## - تبصرة ببليوجرافية
تبصرة ببليوجرافية,الخ Includes bibliographical references.
650 #0 - المدخل الاضافى بالموضوع-مصطلح موضوعى
مصطلح موضوعي Music
التقسيم الفرعي الجغرافي Egypt
التقسيم الفرعي العام History.
650 #0 - المدخل الاضافى بالموضوع-مصطلح موضوعى
مصطلح موضوعي Music, Greek and Roman
التقسيم الفرعي العام History.
942 ## - عناصر المدخل الإضافي( كوها)
مصدر التصنيف او مخطط الترفيف Dewey Decimal Classification
Koha [default] item type كتاب
260 ## - PUBLICATION, DISTRIBUTION, ETC. (IMPRINT)
-- Paris :
-- Ifao du Caire
520 8# - التبصرة الخاصة بالتعليق أو التلخيص
ملخص,الخ Cet ouvrage interdisciplinaire aborde la question du statut du musicien professionnel dans l'Antiquité orientale et en Méditerranée classique, selon une démarche anthropologique et historique. Sont tour à tour traités les thèmes de la rémunération, des honneurs reçus, de l'apparat, de la formation et du savoir-faire, mais aussi celui des limites juridiques et sociales qui frappent à le musicien.0.
830 #0 - المدخل الاضافى بالسلسلة -عنوان موحد
عنوان موحد Bibliothèque d'étude ;
رقم المجلد/ التعيين التسلسلي t. 159.
Holdings
حالة التراجع حالة الفقد مصدر التصنيف او خطة الترفيف حالة تلف ليس للاعارة المكان المؤقت الموقع الحالى موقع الترفيف تاريخ الاكتساب اجمالي اﻻعارات رقم الطلب الباركود تاريخ اخر مشاهدة تاريخ تفعيل السعر نوع وعاء كوها
    ddc     مكتبة القاهرة الكبرى مكتبة القاهرة الكبرى   12/19/2016   932 CC/E S 162994 12/19/2016 12/19/2016 كتاب

Powered By

EGPV